000
00302nam a2200133Ia 4500
100
_a
Sreenivas/ T.V./ Hari/K.V.S.
942
_c
BK
654
_a
Electronics
245
_a
Signal Processing System
260
_b
Tata Mc Graw hill
_a
New Delhi
_c
1993
300
_a
254
546
_a
ENGLISH
999
_c
32871
_d
32871